All the Emperors of Rome Quiz Stats

 Plays Quiz Updated Jul 13, 2017

Support Sporcle.
Go Orange.
Score 0/109 Timer 15:00
5 Plays Today
Reign Name % Correct
27 BC - AD 14Augustus
95.3%
54 - 68Nero
94.5%
37 - 41Caligula
86.4%
41 - 54Claudius
86%
14 - 37Tiberius
79%
117 - 138Hadrian
78.2%
161 - 169Marcus Aurelius
74.9%
169 - 180Marcus Aurelius
74.9%
307 - 312Constantine
74.6%
312 - 324Constantine
74.6%
324 - 337Constantine
74.6%
98 - 117Trajan
73.1%
96 - 98Nerva
68.3%
69 - 79Vespasian
68.3%
177 - 180Commodus
67.4%
180 - 192 Commodus
67.4%
193 - 211Septimius Severus
66.5%
79 - 81Titus
65.7%
69Galba
62%
69Otho
61.7%
81 - 96Domitian
61.4%
138 - 161Antoninus Pius
58.7%
286 - 305Diocletian
58.1%
285 - 286Diocletian
58.1%
284 - 285Diocletian
58.1%
69Vitellius
55.1%
211Caracalla
51.3%
211 - 217Caracalla
51.3%
379 - 392Theodosius
51%
392 - 395Theodosius
51%
337 - 340Constantine II
48.4%
475 - 476Romulus Augustus
46.8%
161 - 169Lucius Verus
46.5%
364Valentinian
46.3%
364 - 375Valentinian
46.3%
193Pertinax
46.1%
305 - 306Constantius Chlorus
46%
Reign Name % Correct
218 - 222Elagabalus
45.8%
360 - 363Julian
45.7%
238Gordian
44.8%
211Geta
43.9%
222 - 235Severus Alexander
43.7%
238Gordian II
43.4%
244 - 249Philippus Arabs
42.8%
238 - 244Gordian III
42.4%
235 - 238Maximinus Thrax
42.4%
270 - 275Aurelian
42.4%
337 - 350Constans
40.4%
253 - 260Valerian
40.1%
286 - 305Maximian
40.1%
307 - 310Maximian
40.1%
364 - 378Valens
40.1%
193Didius Julianus
39.1%
378 - 392Valentinian II
38.6%
337 - 350 Constantius II
38.6%
350 - 361Constantius II
38.6%
408 - 450Theodosius II
38.3%
217 - 218Macrinus
36.6%
395 - 423Honorius
36.3%
268 - 270Claudius Gothicus
36.1%
307 - 312Maxentius
35.8%
424 - 425Valentinian III
35.5%
425 - 455Valentinian III
35.5%
474 - 475Zeno
34.8%
476 - 491Zeno
34.8%
249 - 251Trajan Decius
34.6%
238Balbinus
34%
238Pupienus
32.9%
275 - 276Tacitus
32.9%
457 - 474Leo
31.7%
421Constantius III
31.6%
276 - 282Probus
31.6%
363 - 364Jovian
31.4%
247 - 249Philippus II
31.3%
Reign Name % Correct
282 - 283Carus
31.3%
308 - 313Licinius
31.1%
313 - 324Licinius
31.1%
305 - 311Galerius
31.1%
395 - 408Arcadius
30.9%
253 - 268Gallienus
30.9%
283 - 284Numerian
30.5%
283 - 285Carinus
30%
251Hostilian
29.9%
218Diadumenian
29.2%
375 - 378Gratian
28.8%
378 - 383Gratian
28.8%
276Florianus
28.5%
474 - 474Leo II
28.4%
474 - 475Julius Nepos
28.1%
310 - 313Maximinus Daia
28%
251 - 253Trebonianus Gallus
27.8%
253Aemilianus
26.1%
270Quintillus
25.5%
251Herennius Etruscus
24.3%
306 - 307Flavius Valerius Severus
24.3%
457 - 461Majorian
24%
450 - 457Marcian
23%
251 - 253Volusianus
22%
475 - 476Basiliscus
22%
472 Olybrius
21.4%
260Saloninus
21.3%
316Valerius Valens
20.9%
473 - 474Glycerius
20.7%
455 - 456Avitus
20.1%
467 - 472Anthemius
19.6%
350Vetranio
18.3%
324Sextus Martinianus
18.2%
455 Petronius Maximus
17.9%
461 - 465Libius Severus
17.7%

You're not logged in!

Compare scores with friends on all Sporcle quizzes.
OR
Log In
Forgot?

From the Vault

Provinces of Pakistan

by jcorney92

We too really like country-based alliteration.
Remove Ads.
Support Sporcle.
Get the best of Sporcle when you Go Orange. This ad-free experience offers more features, more stats, and more fun while also helping to support Sporcle. Thank you for becoming a member.

Show Comments

Extras

Top Quizzes Today


Score Distribution

Your Account Isn't Verified!

In order to create a playlist on Sporcle, you need to verify the email address you used during registration. Go to your Sporcle Settings to finish the process.

Report this User

Report this user for behavior that violates our Community Guidelines.

Details: